000 00999nam a22001817a 4500
003 OSt
005 20251120155956.0
008 251120b |||||||| |||| 00| 0 eng d
040 _cDCL
082 _a၂၉၄.၃၈၂၃၂၁
130 _aတိပိဋက။
_pသုတ္တန္တပိဋက။
_pမဇ္ဈိမနိကာယ။
_tမူလပဏ္ဏာသ၊
_lအဋ္ဌကထာ၊
_sနိဿယ။
245 _aမူလပဏ္ဏာသ အဋ္ဌကထာနိဿယ၊
_nပထမတွဲ /
_cအသျှင်စာဂရမထေရ်။
264 _aမန္တလေး ၊
_bမန္တလေးတောင်ပိဋကတ်တိုက်၊
_c[၁၉၆၁]။
300 _a၆၅၀ စာမျက်နှာ ၊
_c၂၅ စင်တီ။
650 _aမူလပဏ္ဏာသ
_vအဋ္ဌကထာ နိဿယ။
700 _aစာဂရမထေရ်၊ အသျှင်
942 _2ddc
_cSHORT TERM
_n0
999 _c2550
_d2550